[Event "SVR op"]
[Site "Nickenich"]
[Date "2015.04.02"]
[Round "4"]
[White "Matusch, Insa"]
[Black "Rocher, Karl"]
[Result "0-1"]
[WhiteElo "966"]
[BlackElo "1251"]
[PlyCount "74"]
[EventDate "2015.03.28"]
[EventType "swiss"]
[EventRounds "7"]
[EventCountry "GER"]
[SourceTitle "EXT 2016"]
[Source "ChessBase"]
[SourceDate "2015.10.08"]
[SourceVersion "1"]
[SourceVersionDate "2015.10.08"]
[SourceQuality "1"]

1. g3 e5 2. d3 d5 3. Nf3 Nc6 4. Bg2 h6 5. 0-0 Nf6 6. c4 d4 7. e4 Bd6 8. h3 Be6 9. Kh2 Qd7 10. Nfd2 0-0-0 11. b3 Nb4 12. Nf3 g5 13. h4 g4 14. Ng1 c5 15. f3 h5 16. Bg5 Be7 17. Qe2 Nh7 18. Bxe7 Qxe7 19. Nd2 Nc2 20. Rac1 Ne3 21. Rf2 f5 22. Rcf1 Nxf1+ 23. Nxf1 f4 24. a3 Nf6 25. Nd2 gxf3 26. Rxf3 Bg4 27. Bh3 Kb8 28. Bxg4 Nxg4+ 29. Kg2 Ne3+ 30. Kf2 Qg7 31. Nf1 fxg3+ 32. Rxg3 Qf6+ 33. Nf3 Ng4+ 34. Kg2 Rhg8 35. N1h2 Ne3+ 36. Kf2 Qf4 37. Nf1 Nxf1 0-1

[Event "SVR-op"]
[Site "Heimbach Weis"]
[Date "2014.04.18"]
[Round "6"]
[White "Dreher, Heini"]
[Black "Matusch, Insa"]
[Result "1-0"]
[WhiteElo "1417"]
[BlackElo "729"]
[PlyCount "49"]
[EventDate "2014.04.11"]
[EventType "swiss"]
[EventRounds "7"]
[EventCountry "GER"]
[SourceTitle "CBM 160 Extra"]
[Source "ChessBase"]
[SourceDate "2014.07.01"]
[SourceVersion "1"]
[SourceVersionDate "2014.07.01"]
[SourceQuality "1"]

1. e4 g6 2. Nf3 Bg7 3. d4 d6 4. h3 Nf6 5. Nc3 0-0 6. Be3 c5 7. Be2 Nc6 8. d5 Nb4 9. a3 Na6 10. 0-0 Bd7 11. Rb1 Qe8 12. b4 Ba4 13. b5 Nc7 14. Nxa4 Nd7 15. Qc1 Rb8 16. b6 axb6 17. Nxb6 Nxb6 18. Rxb6 Na8 19. Rb1 Nc7 20. Bh6 Qa4 21. Bxg7 Kxg7 22. c3 Ra8 23. Rxb7 Qxa3 24. Qxa3 Rxa3 25. Rxc7 1-0